Kinetic-house-tree-person drawings (K-H-T-P) : an interpretative manual /

Bibliographic Details
Main Author: Burns, Robert C., 1925-
Format: Book
Language:English
Published: New York : Brunner/Mazel, [1987]
Subjects:

MARC

Tag First Indicator Second Indicator Subfields
LEADER 00000cam a2200000 a 4500
001 in00000009519
005 20151214141334.0
008 861009s1987 nyua b 00110 eng d
010 |a  86026876  
020 |a 087630448X 
035 |a (OCoLC)14519462 
035 |9 AAA3887AM 
040 |a DNLM/DLC  |c DLC  |d m/c  |d TXA  |d UtOrBLW 
049 |a TXAM  |c [A12636660] 
050 0 0 |a BF698.8.K55  |b B87 1987 
060 0 |a WM 145 B967k 
082 0 |a 616.89/075  |2 19 
100 1 |a Burns, Robert C.,  |d 1925- 
245 1 0 |a Kinetic-house-tree-person drawings (K-H-T-P) :  |b an interpretative manual /  |c Robert C. Burns. 
264 1 |a New York :  |b Brunner/Mazel,  |c [1987] 
264 4 |c ©1987 
300 |a xviii, 213 pages :  |b illustrations ;  |c 26 cm. 
336 |a text  |b txt  |2 rdacontent 
337 |a unmediated  |b n  |2 rdamedia 
338 |a volume  |b nc  |2 rdacarrier 
504 |a Bibliography: pages 205-209. 
500 |a Includes index. 
650 0 |a Kinetic-House-Tree-Person Technique. 
650 0 |a House-Tree-Person Technique. 
999 |a MARS 
999 f f |s 6d11f07b-6240-37f8-8352-f1f041a7f826  |i 96293bb5-e24d-3cc9-9609-8de11c258d92  |t 0 
952 f f |p normal  |a Texas A&M University  |b College Station  |c Sterling C. Evans Library  |d Evans: Library Stacks  |t 0  |e BF698.8.K55 B87 1987  |h Library of Congress classification  |i unmediated -- volume  |m A14812636660 
998 f f |a BF698.8.K55 B87 1987  |t 0  |l Evans: Library Stacks